01288nam a2200325 i 4500001001000000003000400010005001700014007000300031008003900034017001500073020001800088040003800106082001700144100002400161245013300185250001800318264006400336264003100400300006000431336002300491337003100514338002500545500003300570504003900603534009700642650006800739650004900807700004900856710005700905C00610960OSt20230109100858.0ta220905s2021 pe a gr 001 0 spa a2021-10598 a9789972574733 apelibn  bspa  erda  cpelibn04a338.4791/R531 aRice, Mark,eautor.10aDestino Machu Picchu :bla política del turismo en el Perú del siglo XX /cMark Rice ; traducción, Javier Flores Espinoza. a1a edición. 1aLima :bUniversidad del Pacífico, Fondo Editorial,c2021. 3aLima :bAleph Impresiones. a270 páginas :bilustraciones, mapa, retrato ;c23 cm. aTexto 2rdacontent asin mediación 2rdamedia avolumen 2rdacarrier aIncluye índice temático. aBibliografía: páginas 241-258. pTítulo original: tMaking Machu Picchu. The politics of tourism in twentieth-Century Peru.18aTurismoz-Perúz-Santuario Histórico de Machu Picchu (Cus.)28aTurismox-Política gubernamentalz-Perú.1 aFlores Espinoza, Javier,d1962-,etraductor.2 aUniversidad del Pacífico (Lima),eentidad editora.